Vincitori della Supercoppa Italiana - Statistics

Statistiche generali
  • Questo quiz è stato fatto 157 volte
  • Il punteggio medio è 8 su 9
Statistiche sulle risposte
Vittorie Squadra % Corretto
6 Inter
100%
9 Juventus
100%
7 Milan
100%
5 Lazio
99%
2 Roma
99%
2 Napoli
96%
1 Fiorentina
86%
1 Sampdoria
71%
1 Parma
49%
Nessun quiz corrispondente trovato
Distribuzione punteggi
Percentuale di utenti per punteggio
Percentile per numero di risposta
I tuoi punteggi nel tempo
Non hai fatto questo quiz